Welcome to CU Library Online Public Access Catalogue (OPAC)

PRINCIPLES OF CURRICULUM DESIGN (Record no. 2172)

MARC details
000 -LEADER
fixed length control field 00379nam a22001457a 4500
005 - DATE AND TIME OF LATEST TRANSACTION
control field 20241213161206.0
008 - FIXED-LENGTH DATA ELEMENTS--GENERAL INFORMATION
fixed length control field 241213b |||||||| |||| 00| 0 eng d
020 ## - INTERNATIONAL STANDARD BOOK NUMBER
International Standard Book Number 996430207X
050 ## - LIBRARY OF CONGRESS CALL NUMBER
Classification number LB1555
Item number YAK
100 ## - MAIN ENTRY--PERSONAL NAME
Personal name YAKUBU, J. M.
245 ## - TITLE STATEMENT
Title PRINCIPLES OF CURRICULUM DESIGN
260 ## - PUBLICATION, DISTRIBUTION, ETC.
Place of publication, distribution, etc. ACCRA
Name of publisher, distributor, etc. GHANA UNIVERSITY PRESS
Date of publication, distribution, etc. c2000
300 ## - PHYSICAL DESCRIPTION
Extent xv,83p;
Other physical details ill.;
942 ## - ADDED ENTRY ELEMENTS (KOHA)
Source of classification or shelving scheme Library of Congress Classification
Koha item type Books
Suppress in OPAC No
999 ## -
-- 2172
-- 2172
Holdings
Withdrawn status Lost status Source of classification or shelving scheme Damaged status Not for loan Collection Home library Current library Shelving location Date acquired Total checkouts Full call number Barcode Date last seen Copy number Price effective from Koha item type
    Library of Congress Classification     Non-fiction Undergraduate Library (Christ Temple) Undergraduate Library (Christ Temple) General stacks 12/13/2024   LB1555 YAK ulct00000629 12/13/2024 1 12/13/2024 Books
© 2023-2024 Copyright: Central University Libraries. All Rights Reserved | Created by: Mahone Tech Office